00351cam a2200133ua 4500020000900000041001000009082002300019100002400042245005200066260007300118300001200191365000900203504000500212 c2.50 amalh a894.812308bJAI/SU aJainendra, Kumar . aSukhada / cJainendra Kumar.hTextual Documents aKottayam : bSahitya Parishad Co Operative Society Limited , c1958. a331 ; . a2.50 a